LEADER 03713nam 22006853 450 001 9910139189003321 005 20240308203003.0 010 $a3-7639-4461-3 035 $a(CKB)2560000000060028 035 $a(EBL)646970 035 $a(OCoLC)659333535 035 $a(SSID)ssj0000590517 035 $a(PQKBManifestationID)12263920 035 $a(PQKBTitleCode)TC0000590517 035 $a(PQKBWorkID)10671388 035 $a(PQKB)10953712 035 $a(MiAaPQ)EBC646970 035 $a(MiAaPQ)EBC7387087 035 $a(Au-PeEL)EBL7387087 035 $a(EXLCZ)992560000000060028 100 $a20240308h20092009 uy 0 101 0 $ager 135 $aur|n|---||||| 181 $ctxt 182 $cc 183 $acr 200 10$aFremde in der Fremde $eberufliche und soziale integration von Zuwanderern im historischen Ruckblick /$fGunter Kuhn 205 $a1st ed. 210 1$aBielefeld, [Germany] :$cW. Bertelsmann Verlag,$d2009. 210 4$d©2009 215 $a1 online resource (183 p.) 300 $aDescription based upon print version of record. 311 $a3-7639-3698-X 320 $aIncludes bibliographical references. 327 $aInhalt; Einleitung; Teil 1 Migration und Integration im weltgeschichtlichen Zusammenhang; Teil 2 Migration und Integration seit der Gru?ndung der Bundesrepublik Deutschland; Teil 3 Vera?nderung gesetzlicher Rahmenbedingungen mit ihren Auswirkungen auf die berufliche und soziale Integration von Zuwanderern; Teil 4 Berufliche Qualifizierung von ausla?ndischen Arbeitskra?ften zur Verbesserung ihrer Arbeitsmarkt-chancen und zur Fo?rderung ihrer beruflichen und sozialen Integration im historischen Kontext 327 $aTeil 5 Demografische Angaben zur ausla?ndischen Bevo?lkerung sowie zu ihrer statusrechlichen DifferenzierungTeil 6 Abschließende Bemerkungen: offene Fragen - ungelo?ste Probleme - entscheidende Faktoren; Exkurs 1 Duale Berufsausbildung im Hinblick auf ihre Anwendbarkeit fu?r jugendliche Migranten; Exkurs 2 Die berufliche Qualifizierung in ihrer Bedeutung fu?r die berufliche und soziale Eingliederung von zugewanderten Arbeitnehmern; Exkurs 3 Die Vermittlung der deutschen Sprache an Zuwanderer fu?r den Beruf und die Arbeit; Anhang 330 $aHauptbeschreibungWie ist die Situation von Migranten in Deutschland? Bleiben sie ewig Fremde in der Fremde oder werden sie zu gleichwertigen und akzeptierten Mitgliedern der Gesellschaft? Das Buch beleuchtet den Zustrom ausla?ndischer Mitbu?rger und verfolgt ihre Integration in die Gesellschaft und den Arbeitsmarkt bis zum Ende des 20. Jahrhunderts. Nach den großen Flu?chtlingsstro?men am Ende des Zweiten Weltkrieges schwappt Mitte der 50er Jahre mit den ersten Gastarbeitern eine weitere Migrationswelle nach Deutschland, in den 70er Jahren folgen politische Flu?chtlinge und Asylanten. G 606 $aForeign workers$zGermany 606 $aImmigrants$zGermany$xCultural assimilation 606 $aImmigrants$zGermany$xLanguage 606 $aAssimilation (Sociology)$zGermany 606 $aSocial integration$zGermany 606 $aVocational qualifications$zGermany 606 $aLabor mobility$zGermany 615 0$aForeign workers 615 0$aImmigrants$xCultural assimilation. 615 0$aImmigrants$xLanguage. 615 0$aAssimilation (Sociology) 615 0$aSocial integration 615 0$aVocational qualifications 615 0$aLabor mobility 676 $a305.9/069120943 700 $aKuhn$b Gunter$01240341 801 0$bMiAaPQ 801 1$bMiAaPQ 801 2$bMiAaPQ 906 $aBOOK 912 $a9910139189003321 996 $aFremde in der Fremde$92877608 997 $aUNINA LEADER 01796nam 22006495u 450 001 9910157462203321 005 20211006145018.0 010 $a9783318035124 010 $a3318035122 035 $a(CKB)3780000000101548 035 $a(OCoLC)1046112243 035 $a(SZ-BaSKA)219144 035 $a(MiAaPQ)EBC31865910 035 $a(Au-PeEL)EBL31865910 035 $a(EXLCZ)993780000000101548 100 $a20211006d1976 uy 0 101 0 $aeng 135 $aurunu||||| 181 $ctxt$2rdacontent 182 $cc$2rdamedia 183 $acr$2rdacarrier 200 10$aHBs Antigen Subtypes : $eInternational Workshop, Paris, April 1975 / $f editors, A.M. Couroucé, P.V. Holland, J.Y. Muller, J.P. Soulier 205 $a1st ed. 210 $aBasel : $cS. Karger, $d1976 215 $a1 online resource (VIII + 158 pages) : $c 22 figures, 92 tables 225 1 $aIssn Series 311 08$a9783805522939 311 08$a3805522932 410 0$aIssn Series 606 $aHematology 606 $aAllergy 606 $aBiochemistry 606 $aCell Biology 606 $aImmunology 606 $aMolecular Biology 606 $aPhysiology 606 $aPreventive Medicine 606 $aSocial Medicine 615 14$aHematology 615 14$aAllergy 615 14$aBiochemistry 615 14$aCell Biology 615 14$aImmunology 615 14$aMolecular Biology 615 14$aPhysiology 615 24$aPreventive Medicine 615 24$aSocial Medicine 676 $a616.1/5/008 s 676 $a616.3/623/0792 700 $aCouroucé$b A.M 701 $aCourouce?$b A. M$01231077 801 0$bUKSKG 801 1$bUKSKG 906 $aBOOK 912 $a9910157462203321 996 $aHBs Antigen Subtypes$92858311 997 $aUNINA